[Event "Tournoi B"]
[Site "Lannemezan"]
[Date "2023.05.18"]
[Round "2.1"]
[White "Nassar, Christophe"]
[Black "Charruyer, Baptiste"]
[Result "1-0"]
[WhiteElo "1658"]
[BlackElo "1401"]
[PlyCount "73"]
[EventDate "2023.??.??"]
[WhiteTeam "Le Fou Blanc de Lannemezan"]
[BlackTeam "Le Fou Blanc de Lannemezan"]

1. e4 d5 2. exd5 Nf6 3. d4 Bg4 4. Nf3 Qxd5 5. Nc3 Bxf3 6. Nxd5 Bxd1 7. Nxc7+
Kd8 8. Nxa8 Bxc2 9. Bf4 Nc6 10. Bc4 e5 11. dxe5 Bb4+ 12. Kf1 Nh5 13. Bg5+ f6
14. exf6 Nxf6 15. Bf4 Ne4 16. Rc1 Nd4 17. Rxc2 Nxc2 18. Bd3 Nd2+ 19. Bxd2 Bxd2
20. Ke2 Nb4 21. Kxd2 Nxd3 22. Kxd3 Kd7 23. Nb6+ axb6 24. Rc1 Rf8 25. f3 Rf5 26.
Rc4 Rh5 27. h4 Kd6 28. Rd4+ Kc6 29. Rf4 b5 30. g3 b6 31. Ke4 Rh6 32. Rf7 Rg6
33. g4 Kc5 34. h5 Rg5 35. Kf4 h6 36. Rf5+ Rxf5+ 37. Kxf5 1-0

[Event "Tournoi B"]
[Site "Lannemezan"]
[Date "2023.05.18"]
[Round "2.2"]
[White "Guerin, Laurent"]
[Black "Priu, Brice"]
[Result "0-1"]
[WhiteElo "1587"]
[BlackElo "1395"]
[PlyCount "70"]
[EventDate "2023.??.??"]
[WhiteTeam "Le Gambit de Muret"]
[BlackTeam "Echiquier Henri IV Pau"]

1. e4 c5 2. Nf3 Nc6 3. c3 d5 4. e5 Bg4 5. Be2 e6 6. d4 Qb6 7. O-O Bxf3 8. Bxf3
cxd4 9. cxd4 Qxd4 10. Qb3 Qb6 11. Qa4 Bc5 12. Nc3 Nge7 13. Bg5 O-O 14. Qf4 Ng6
15. Na4 Nxf4 16. Nxb6 Bxb6 17. Bxf4 Bc7 18. Rfe1 Nd4 19. Bd1 Bb6 20. a4 Ba5 21.
Re3 Rac8 22. Rg3 Nf5 23. Rb3 Rc7 24. g3 b6 25. Rd3 Rfc8 26. Bg4 Ne7 27. Bh3 Ng6
28. Rf3 Nxf4 29. gxf4 Rc1+ 30. Rxc1 Rxc1+ 31. Kg2 Rc2 32. f5 exf5 33. Bxf5 Re2
34. Rf4 Rxe5 35. b4 Bxb4 0-1

[Event "Tournoi B"]
[Site "Lannemezan"]
[Date "2023.05.18"]
[Round "2.3"]
[White "Ambrosino, Adam"]
[Black "Kallenbrunn, Philippe"]
[Result "1/2-1/2"]
[WhiteElo "1386"]
[BlackElo "1534"]
[PlyCount "51"]
[EventDate "2023.??.??"]
[WhiteTeam "La Tour de Caylus"]

1. d4 d5 2. Bf4 Nf6 3. e3 e6 4. Nf3 c5 5. c3 Bd6 6. dxc5 Bxc5 7. Bxb8 Rxb8 8.
b4 Bd6 9. Qa4+ Bd7 10. Qxa7 O-O 11. Be2 Qc7 12. Qd4 e5 13. Qh4 e4 14. Nd4 Bxb4
15. cxb4 Qc1+ 16. Bd1 Qb2 17. Nb3 Bb5 18. N1d2 d4 19. exd4 Rfe8 20. Qf4 Rbc8
21. Rb1 Qxa2 22. Ra1 Qb2 23. Rb1 Qa2 24. Ra1 Qb2 25. Rb1 Qa2 26. Ra1 1/2-1/2

[Event "Tournoi B"]
[Site "Lannemezan"]
[Date "2023.05.18"]
[Round "2.4"]
[White "Bruguier, Florian"]
[Black "Yakovleff, Michel"]
[Result "1-0"]
[WhiteElo "1519"]
[BlackElo "1371"]
[PlyCount "107"]
[EventDate "2023.??.??"]
[WhiteTeam "Echiquier de Bigorre"]
[BlackTeam "Echiquier de la Basse Vallée du Lot"]

1. e4 e5 2. Nf3 Nf6 3. Nc3 Nc6 4. Bc4 Nxe4 5. Bxf7+ Kxf7 6. Nxe4 Be7 7. d4 h6
8. d5 d6 9. dxc6 bxc6 10. c4 Re8 11. O-O Kg8 12. b3 Bg4 13. h3 Bh5 14. Ng3 Bg6
15. c5 Bf6 16. Bb2 d5 17. Re1 e4 18. Bxf6 Qxf6 19. Nd4 Re7 20. a3 Rae8 21. Re3
Rf8 22. Ra2 Ref7 23. b4 a6 24. a4 Re7 25. Rd2 Be8 26. Qf1 Qg5 27. Qxa6 Ref7 28.
Nf1 Bd7 29. Rg3 Qe5 30. Nc2 Rf4 31. b5 Qf6 32. bxc6 Bxc6 33. Qe2 Bxa4 34. Nce3
c6 35. Ng4 Qe7 36. Qe3 Kh8 37. Qd4 e3 38. Qxe3 Re4 39. Qc3 Re1 40. Nge3 Bb5 41.
Rb2 Rf4 42. Qxe1 d4 43. Nc2 Re4 44. Qa1 Qxc5 45. Nxd4 Qxd4 46. Rb1 Qxa1 47.
Rxa1 Re8 48. Ne3 Bd3 49. Ra7 g6 50. Ng4 Bf5 51. Nf6 Re1+ 52. Kh2 g5 53. h4 g4
54. Rxg4 1-0

[Event "Tournoi B"]
[Site "Lannemezan"]
[Date "2023.05.18"]
[Round "2.5"]
[White "Bulme, Milan"]
[Black "Flourac, Jean-Paul"]
[Result "1-0"]
[WhiteElo "1368"]
[BlackElo "1499"]
[PlyCount "47"]
[EventDate "2023.??.??"]
[WhiteTeam "Club d'Echecs Pau Berlioz"]

1. e4 Nc6 2. Nf3 Nf6 3. e5 Nd5 4. d4 d6 5. c4 Nb6 6. exd6 cxd6 7. d5 Nb8 8. Nc3
Bf5 9. Bd3 Bxd3 10. Qxd3 g6 11. Be3 Bg7 12. Bd4 O-O 13. Bxg7 Kxg7 14. Qd4+ Kg8
15. h4 N6d7 16. h5 Qb6 17. hxg6 Qxd4 18. gxh7+ Kg7 19. Nxd4 Nf6 20. Nf5+ Kh8
21. O-O-O Nbd7 22. Nxe7 Rfe8 23. Nf5 Nf8 24. Nxd6 1-0

[Event "Tournoi B"]
[Site "Lannemezan"]
[Date "2023.05.18"]
[Round "2.6"]
[White "Garcia Del Prado, Bruno"]
[Black "Solo, Louis"]
[Result "1-0"]
[WhiteElo "1483"]
[BlackElo "1009"]
[PlyCount "31"]
[EventDate "2023.??.??"]
[WhiteTeam "Le Fou Blanc de Lannemezan"]
[BlackTeam "Le Fou Blanc de Lannemezan"]

1. e4 e5 2. Nf3 Nf6 3. Nxe5 Nxe4 4. d4 d5 5. Bd3 c5 6. c3 cxd4 7. cxd4 Bb4+ 8.
Bd2 Bxd2+ 9. Nxd2 Nxd2 10. Qxd2 O-O 11. O-O Re8 12. Rac1 Nc6 13. Bb5 a6 14.
Nxc6 axb5 15. Nxd8 Rxd8 16. Qe3 1-0

[Event "Tournoi B"]
[Site "Lannemezan"]
[Date "2023.05.18"]
[Round "2.7"]
[White "Despaux, Axel"]
[Black "Chatain, Philippe"]
[Result "1-0"]
[WhiteElo "1287"]
[BlackElo "1433"]
[PlyCount "55"]
[EventDate "2023.??.??"]
[WhiteTeam "Echiquier de l'Armagnac"]
[BlackTeam "Le Fou Blanc de Lannemezan"]

1. e4 e6 2. d4 d5 3. e5 c5 4. c3 Nc6 5. Nf3 Qb6 6. Bd3 Bd7 7. O-O cxd4 8. Qe2
dxc3 9. Nxc3 Nb4 10. Be3 Bc5 11. Bxc5 Qxc5 12. Bb5 Nc6 13. Rac1 Qe7 14. Bxc6
Bxc6 15. Nd4 Qd7 16. Ncb5 Ne7 17. Nd6+ Kf8 18. Qf3 Nc8 19. Nxc6 bxc6 20. Rxc6
Nxd6 21. Rxd6 Qe7 22. Rc1 Rd8 23. Rxd8+ Qxd8 24. Qa3+ Kg8 25. Qxa7 g6 26. Rc7
Qg5 27. Qe3 Qf5 28. Qh6 1-0

[Event "Tournoi B"]
[Site "Lannemezan"]
[Date "2023.05.18"]
[Round "2.8"]
[White "Rigaud, Solene"]
[Black "Alexandre, Jacques Junior"]
[Result "0-1"]
[WhiteElo "1172"]
[BlackElo "1608"]
[PlyCount "48"]
[EventDate "2023.??.??"]
[WhiteTeam "Echiquier Vicquois"]
[BlackTeam "l'Echiquier Toulousain"]

1. d4 d5 2. Nf3 Nf6 3. Bf4 e6 4. e3 Bd6 5. Ne5 c6 6. c3 Qc7 7. Nd2 Nbd7 8. Ndf3
Nh5 9. Nxd7 Nxf4 10. Nde5 Ng6 11. Nxg6 hxg6 12. h3 Bd7 13. Qc2 c5 14. Be2 a6
15. Nd2 e5 16. dxe5 Bxe5 17. Nf3 Bf6 18. O-O-O Be6 19. e4 dxe4 20. Qxe4 O-O 21.
g4 Bxa2 22. Qc2 c4 23. g5 Bb3 24. Qe4 Rae8 0-1

[Event "Tournoi B"]
[Site "Lannemezan"]
[Date "2023.05.18"]
[Round "2.9"]
[White "Despaux, Denis"]
[Black "Gramont, Francois"]
[Result "0-1"]
[WhiteElo "1132"]
[BlackElo "1343"]
[PlyCount "57"]
[EventDate "2023.??.??"]
[WhiteTeam "Echiquier de l'Armagnac"]
[BlackTeam "Cercle d'Echecs Aurillacois"]

1. e4 c5 2. Nf3 d6 3. d4 cxd4 4. Qxd4 a6 5. Be3 Nf6 6. Nc3 Nbd7 7. e5 dxe5 8.
Nxe5 e6 9. b4 Qc7 10. Bf4 Bd6 11. Nxd7 Bxf4 12. Nxf6+ gxf6 13. Qc4 Qxc4 14.
Bxc4 Be5 15. Kd2 b5 16. Be2 Bb7 17. Bf3 O-O-O+ 18. Ke2 Bxc3 19. Rab1 Rd2+ 20.
Ke3 Rhd8 21. Rhc1 R2d4 22. Rf1 Bxb4 23. Rb3 Ba5 24. Rfb1 Bb6 25. Ke2 Rd2+ 26.
Kf1 Bxf3 27. gxf3 Rd1+ 28. Kg2 Rxb1 29. Rxb1 0-1

[Event "Tournoi B"]
[Site "Lannemezan"]
[Date "2023.05.18"]
[Round "2.10"]
[White "Pages, Philippe"]
[Black "Grimault, Stephanie"]
[Result "1-0"]
[WhiteElo "1070"]
[BlackElo "1268"]
[PlyCount "95"]
[EventDate "2023.??.??"]
[WhiteTeam "L'Echiquier des gorges de l'Aveyron"]
[BlackTeam "l'Echiquier Toulousain"]

1. e4 g6 2. d4 d5 3. e5 e6 4. Nc3 c5 5. Be3 cxd4 6. Bxd4 Nc6 7. Bb5 Bd7 8. Nf3
Nxe5 9. Bxd7+ Nxd7 10. Bxh8 Bb4 11. O-O Qe7 12. Nxd5 Qc5 13. Nxb4 Qxb4 14. a3
Qf8 15. Qd4 Qc5 16. Rfd1 Qxd4 17. Rxd4 Ne7 18. Rad1 Nb6 19. Re4 Ned5 20. c4 Ne7
21. g4 Nc6 22. c5 Nd7 23. b4 Ke7 24. Bc3 f5 25. gxf5 gxf5 26. Rh4 Rg8+ 27. Kh1
Nf8 28. Rg1 Rg6 29. b5 Nb8 30. Rxg6 hxg6 31. Bg7 Nbd7 32. c6 bxc6 33. bxc6 Nb6
34. Rh8 Kd6 35. Bxf8+ Kxc6 36. Ne5+ Kd5 37. Nxg6 Ke4 38. Bc5 Nc4 39. Rh4+ Kd5
40. Bxa7 Nxa3 41. Rd4+ Kc6 42. h4 Nb5 43. Rc4+ Kd6 44. Ra4 Nc3 45. Nf4 Ke5 46.
Bd4+ Kxf4 47. Bxc3+ Kf3 48. h5 1-0

[Event "Tournoi B"]
[Site "Lannemezan"]
[Date "2023.05.18"]
[Round "2.11"]
[White "Belio, Florian"]
[Black "Grillet Guellier, Lilian"]
[Result "1/2-1/2"]
[WhiteElo "1199"]
[BlackElo "1099"]
[PlyCount "81"]
[EventDate "2023.??.??"]
[WhiteTeam "Le Fou Blanc de Lannemezan"]
[BlackTeam "Le Fou Blanc de Lannemezan"]

1. Nf3 d5 2. g3 Nc6 3. d3 e5 4. Bg2 Bf5 5. Nbd2 Bc5 6. O-O Nf6 7. Re1 O-O 8. e4
dxe4 9. Nxe4 Nxe4 10. dxe4 Qxd1 11. Rxd1 Bxe4 12. Be3 Bxc2 13. Rdc1 Bxe3 14.
fxe3 Be4 15. Rd1 Na5 16. Rac1 Rad8 17. Nxe5 Bxg2 18. Kxg2 Rde8 19. Ng4 Re7 20.
Rd2 Rfe8 21. Rcd1 h6 22. Rd7 Re4 23. Kf3 R8e7 24. Rd8+ Re8 25. R8d7 R4e7 26.
Rd8 Nc6 27. Rxe8+ Rxe8 28. Rd7 Rd8 29. Rxd8+ Nxd8 30. a3 Ne6 31. b4 Ng5+ 32.
Kf4 Nh3+ 33. Kf3 Ng5+ 34. Kf4 Ne6+ 35. Ke5 h5 36. Nf2 Ng5 37. Kf4 Ne6+ 38. Ke5
Nd8 39. Nd3 Nc6+ 40. Kd5 Ne7+ 41. Ke5 1/2-1/2

[Event "Tournoi B"]
[Site "Lannemezan"]
[Date "2023.05.18"]
[Round "2.12"]
[White "Garcia, Leon"]
[Black "Chansat, Lucas"]
[Result "1-0"]
[WhiteElo "1009"]
[BlackElo "1199"]
[PlyCount "99"]
[EventDate "2023.??.??"]
[WhiteTeam "Echiquier de Bigorre"]
[BlackTeam "Le Fou Blanc de Lannemezan"]

1. e4 e5 2. Bc4 d6 3. Qh5 g6 4. Qf3 Nh6 5. g4 Be6 6. g5 Bxc4 7. gxh6 d5 8. b3
dxe4 9. Qxe4 Bb4 10. c3 Nd7 11. cxb4 Nf6 12. Qh4 Rg8 13. bxc4 g5 14. Qg3 Nh5
15. Qxe5+ Kf8 16. Qc5+ Ke8 17. Qe5+ Kd7 18. Qf5+ Kd6 19. c5+ Kc6 20. Qf3+ Kb5
21. Qxh5 Qe8+ 22. Qe2+ Kxb4 23. Qxe8 Raxe8+ 24. Ne2 Re6 25. d4 Rge8 26. Bd2+
Kc4 27. Nbc3 Kd3 28. Bxg5 Rxe2+ 29. Nxe2 Rxe2+ 30. Kf1 b6 31. Rd1+ Rd2 32.
Rxd2+ Kc4 33. Re2 b5 34. Kg2 b4 35. Re7 b3 36. Rxf7 bxa2 37. Rxh7 Kb3 38. Bf6
Kb2 39. d5+ Kb3 40. Rxc7 a5 41. h7 a4 42. h8=Q Ka3 43. d6 Kb4 44. d7 Kc4 45.
d8=Q Kb5 46. Qb8+ Kc4 47. Qhg8+ Kd3 48. Rd1+ Kc2 49. Qxa2+ Kxd1 50. Qbb1# 1-0

[Event "Tournoi B"]
[Site "Lannemezan"]
[Date "2023.05.18"]
[Round "2.13"]
[White "Hilberer, Elie"]
[Black "Dang, Damien"]
[Result "1-0"]
[WhiteElo "1199"]
[BlackElo "1009"]
[PlyCount "27"]
[EventDate "2023.??.??"]
[WhiteTeam "Echiquier Vicquois"]
[BlackTeam "Le Fou Blanc de Lannemezan"]

1. Nc3 e5 2. Nf3 Nc6 3. e4 Nf6 4. Bc4 Bc5 5. h3 b6 6. d3 Bb7 7. Bg5 O-O 8. Qd2
Nd4 9. Nxe5 h6 10. Bxf6 gxf6 11. Ng4 h5 12. Qh6 hxg4 13. hxg4 Bxe4 14. Qh8# 1-0

[Event "Tournoi B"]
[Site "Lannemezan"]
[Date "2023.05.18"]
[Round "1.12"]
[White "Yakovleff, Michel"]
[Black "Garcia, Leon"]
[Result "1-0"]
[WhiteElo "1371"]
[BlackElo "1009"]
[PlyCount "49"]
[EventDate "2023.??.??"]
[WhiteTeam "Echiquier de la Basse Vallée du Lot"]
[BlackTeam "Echiquier de Bigorre"]

1. d4 Nf6 2. c4 Nc6 3. Nc3 e5 4. dxe5 Nxe5 5. e4 Bb4 6. Bg5 h6 7. Bxf6 Qxf6 8.
Rc1 O-O 9. Be2 Bxc3+ 10. Rxc3 Nc6 11. Nf3 Nb4 12. e5 Qa6 13. O-O Nxa2 14. Ra3
Qg6 15. Rxa2 b5 16. Bd3 Qg4 17. h3 Qe6 18. b3 bxc4 19. Bxc4 Qg6 20. Re1 Bb7 21.
Bd5 c6 22. Be4 Qe6 23. Nd4 Qxe5 24. Bh7+ Kxh7 25. Rxe5 1-0

[Event "Tournoi B"]
[Site "Lannemezan"]
[Date "2023.05.18"]
[Round "1.13"]
[White "Mallard, Jan"]
[Black "Bulme, Milan"]
[Result "0-1"]
[WhiteElo "1009"]
[BlackElo "1368"]
[PlyCount "44"]
[EventDate "2023.??.??"]
[WhiteTeam "Le Fou Blanc de Lannemezan"]
[BlackTeam "Club d'Echecs Pau Berlioz"]

1. e4 c5 2. Nf3 Nc6 3. Bc4 e6 4. Nc3 Nf6 5. d3 d5 6. exd5 exd5 7. Bb5 Bd7 8. d4
a6 9. Bxc6 Bxc6 10. Be3 c4 11. Qe2 Be7 12. b3 b5 13. Ne5 Bd7 14. Bg5 O-O 15.
Qf3 Be6 16. Qg3 Nh5 17. Qh4 Bxg5 18. Qxh5 b4 19. h4 Bf6 20. Nc6 Qe8 21. Nxb4
Bg4+ 22. Kf1 Bxh5 0-1

[Event "Tournoi B"]
[Site "Lannemezan"]
[Date "2023.05.18"]
[Round "1.5"]
[White "Chansat, Lucas"]
[Black "Bruguier, Florian"]
[Result "0-1"]
[WhiteElo "1199"]
[BlackElo "1519"]
[PlyCount "46"]
[EventDate "2023.??.??"]
[WhiteTeam "Le Fou Blanc de Lannemezan"]
[BlackTeam "Echiquier de Bigorre"]

1. e4 c6 2. Nc3 d5 3. Bd3 d4 4. Nce2 e5 5. Nf3 Bd6 6. c3 c5 7. O-O Bg4 8. h3
Bxf3 9. Qa4+ Nd7 10. Ng3 Bxg2 11. Nf5 Qf6 12. Bb5 Rd8 13. Kxg2 a6 14. Ng3 axb5
15. Nh5 Qg6+ 16. Kh2 bxa4 17. Ng3 d3 18. b3 Ngf6 19. bxa4 Nxe4 20. Rb1 Nxg3 21.
fxg3 e4 22. Rxb7 Qxg3+ 23. Kh1 Qh2# 0-1

[Event "Tournoi B"]
[Site "Lannemezan"]
[Date "2023.05.18"]
[Round "1.9"]
[White "Grillet Guellier, Lilian"]
[Black "Charruyer, Baptiste"]
[Result "0-1"]
[WhiteElo "1099"]
[BlackElo "1401"]
[PlyCount "74"]
[EventDate "2023.??.??"]
[WhiteTeam "Le Fou Blanc de Lannemezan"]
[BlackTeam "Le Fou Blanc de Lannemezan"]

1. e4 d5 2. e5 Bf5 3. Nf3 c5 4. Nc3 e6 5. Bd3 Bxd3 6. cxd3 d4 7. Na4 b5 8. Nc3
dxc3 9. dxc3 Nc6 10. O-O Nge7 11. Be3 Nf5 12. Bf4 Be7 13. Qe2 Qc7 14. c4 Ncd4
15. Nxd4 Nxd4 16. Qe4 Qc6 17. Qe3 Nc2 18. Qc1 Nxa1 19. Qxa1 b4 20. Qd1 O-O-O
21. Qb3 Rd7 22. Rd1 g5 23. Bg3 h5 24. f3 h4 25. Be1 h3 26. g3 Qxf3 27. Rd2 Qe3+
28. Kf1 Rhd8 29. Bf2 Qxd2 30. d4 Rxd4 31. Bxd4 Rxd4 32. Qf3 Qc1+ 33. Kf2 Qxb2+
34. Kf1 Qc1+ 35. Kf2 Rd2+ 36. Ke3 Qe1+ 37. Qe2 Qxe2# 0-1

[Event "Tournoi B"]
[Site "Lannemezan"]
[Date "2023.05.18"]
[Round "1.7"]
[White "Rigaud, Solene"]
[Black "Garcia Del Prado, Bruno"]
[Result "0-1"]
[WhiteElo "1172"]
[BlackElo "1483"]
[PlyCount "48"]
[EventDate "2023.??.??"]
[WhiteTeam "Echiquier Vicquois"]
[BlackTeam "Le Fou Blanc de Lannemezan"]

1. d4 Nf6 2. Nf3 e6 3. Bf4 c5 4. e3 Nc6 5. c3 Be7 6. Bd3 d5 7. Nbd2 c4 8. Bc2
b5 9. O-O h6 10. Ne5 Bb7 11. h3 Bd6 12. Re1 O-O 13. Qf3 Bxe5 14. dxe5 Nh7 15.
Qg3 Kh8 16. e4 d4 17. Bd1 g5 18. Bxg5 Qxg5 19. Nf3 Qxg3 20. fxg3 dxc3 21. bxc3
Rad8 22. Bc2 Rg8 23. g4 Rd7 24. a4 b4 0-1

[Event "Tournoi B"]
[Site "Lannemezan"]
[Date "2023.05.18"]
[Round "1.1"]
[White "Gramont, Francois"]
[Black "Nassar, Christophe"]
[Result "0-1"]
[WhiteElo "1343"]
[BlackElo "1658"]
[PlyCount "54"]
[EventDate "2023.??.??"]
[WhiteTeam "Cercle d'Echecs Aurillacois"]
[BlackTeam "Le Fou Blanc de Lannemezan"]

1. e4 c5 2. Nf3 d6 3. d4 cxd4 4. Nxd4 Nf6 5. Nc3 a6 6. Bd3 e5 7. Nb3 Be6 8. O-O
h6 9. h3 Be7 10. Ne2 Nbd7 11. Ng3 Rc8 12. Kh1 Qc7 13. Qe2 O-O 14. f4 d5 15. f5
dxe4 16. Nxe4 Nxe4 17. Bxe4 Bc4 18. Bd3 Bd5 19. Bd2 Nf6 20. c3 Rfe8 21. Rae1 e4
22. Bc2 Bc4 23. Qd1 Bxf1 24. Rxf1 Qg3 25. Nd4 Bd6 26. Kg1 Qh2+ 27. Kf2 Bg3+ 0-1

[Event "Tournoi B"]
[Site "Lannemezan"]
[Date "2023.05.18"]
[Round "1.8"]
[White "Chatain, Philippe"]
[Black "Despaux, Denis"]
[Result "1-0"]
[WhiteElo "1433"]
[BlackElo "1132"]
[PlyCount "27"]
[EventDate "2023.??.??"]
[WhiteTeam "Le Fou Blanc de Lannemezan"]
[BlackTeam "Echiquier de l'Armagnac"]

1. d4 d5 2. c4 Nf6 3. cxd5 Qxd5 4. Nc3 Qa5 5. Bd2 Qb6 6. Nf3 Qxb2 7. Rb1 Qa3 8.
Nb5 Qxa2 9. Nxc7+ Kd8 10. Nxa8 b6 11. Ra1 Qd5 12. Rxa7 Nfd7 13. Nc7 Nc6 14.
Nxd5 1-0

[Event "Tournoi B"]
[Site "Lannemezan"]
[Date "2023.05.18"]
[Round "1.2"]
[White "Alexandre, Jacques Junior"]
[Black "Despaux, Axel"]
[Result "0-1"]
[WhiteElo "1608"]
[BlackElo "1287"]
[PlyCount "44"]
[EventDate "2023.??.??"]
[WhiteTeam "l'Echiquier Toulousain"]
[BlackTeam "Echiquier de l'Armagnac"]

1. Nf3 Nf6 2. c4 c5 3. Nc3 Nc6 4. d4 cxd4 5. Nxd4 d5 6. cxd5 Nxd5 7. Nxc6 bxc6
8. Nxd5 cxd5 9. e3 e6 10. Qa4+ Bd7 11. Bb5 a6 12. Bxd7+ Qxd7 13. Qxd7+ Kxd7 14.
Bd2 Bd6 15. Ke2 Be5 16. Rab1 Rhc8 17. Rhc1 Rxc1 18. Bxc1 Rc8 19. Kd3 Bxh2 20.
g3 Bg1 21. Ke2 Rc2+ 22. Bd2 Bxf2 0-1

[Event "Tournoi B"]
[Site "Lannemezan"]
[Date "2023.05.18"]
[Round "1.6"]
[White "Flourac, Jean-Paul"]
[Black "Hilberer, Elie"]
[Result "1-0"]
[WhiteElo "1499"]
[BlackElo "1199"]
[PlyCount "71"]
[EventDate "2023.??.??"]
[WhiteTeam "Le Gambit de Muret"]
[BlackTeam "Echiquier Vicquois"]

1. d4 d5 2. Nf3 Nf6 3. e3 e6 4. Bd3 Nbd7 5. Nbd2 c5 6. b3 Be7 7. Bb2 h6 8. O-O
O-O 9. e4 dxe4 10. Nxe4 Nxe4 11. Bxe4 Nf6 12. Bd3 b6 13. dxc5 Bxc5 14. c4 Ng4
15. h3 Nf6 16. Qe2 Nh5 17. Rad1 Bd7 18. Ne5 Nf6 19. Nxd7 Nxd7 20. Be4 Rc8 21.
Qg4 e5 22. Rxd7 Qf6 23. Qf5 Qxf5 24. Bxf5 g6 25. Be4 Rfd8 26. Rfd1 Rxd7 27.
Rxd7 f5 28. Bd5+ Kf8 29. Rh7 Ke8 30. Rh8+ Bf8 31. Ba3 Rd8 32. Rxf8+ Kd7 33.
Rxd8+ Kxd8 34. Bf7 g5 35. Bg6 f4 36. Bd6 1-0

[Event "Tournoi B"]
[Site "Lannemezan"]
[Date "2023.05.18"]
[Round "1.11"]
[White "Dang, Damien"]
[Black "Ambrosino, Adam"]
[Result "0-1"]
[WhiteElo "1009"]
[BlackElo "1386"]
[PlyCount "68"]
[EventDate "2023.??.??"]
[WhiteTeam "Le Fou Blanc de Lannemezan"]
[BlackTeam "La Tour de Caylus"]

1. d4 g6 2. e4 Bg7 3. Nf3 e6 4. e5 Ne7 5. Nc3 c6 6. Bg5 O-O 7. Bd3 b6 8. O-O d6
9. exd6 Qxd6 10. Ne4 Qc7 11. Re1 Re8 12. Bf6 Nd7 13. Bxg7 Kxg7 14. Qc1 h6 15.
b3 Nd5 16. c4 N5f6 17. g3 Bb7 18. c5 Nxe4 19. cxb6 axb6 20. Rxe4 Nf6 21. Re2
Nd5 22. Bc4 Nb4 23. Qd2 Nd5 24. Ne5 Nf6 25. Rae1 Rad8 26. b4 c5 27. bxc5 bxc5
28. Qb2 Rxd4 29. Qb5 Red8 30. Bd3 Rb4 31. Qxb7 Qxb7 32. Rc1 Rxd3 33. Nxd3 Rb1
34. Kf1 Qh1# 0-1

[Event "Tournoi B"]
[Site "Lannemezan"]
[Date "2023.05.18"]
[Round "1.4"]
[White "Kallenbrunn, Philippe"]
[Black "Belio, Florian"]
[Result "1-0"]
[WhiteElo "1534"]
[BlackElo "1199"]
[PlyCount "61"]
[EventDate "2023.??.??"]
[WhiteTeam "Le Gambit de Muret"]
[BlackTeam "Le Fou Blanc de Lannemezan"]

1. e4 e6 2. d4 d5 3. exd5 exd5 4. Bd3 Bd6 5. Nf3 Nf6 6. O-O O-O 7. h3 h6 8. Re1
Re8 9. Be3 Nbd7 10. Nbd2 c5 11. c4 b6 12. Rc1 Bb7 13. Qb3 Ne4 14. cxd5 Nxd2 15.
Nxd2 Qc7 16. Bb5 a6 17. Bxd7 Qxd7 18. dxc5 Bxc5 19. Bxc5 Rxe1+ 20. Rxe1 bxc5
21. d6 Qb5 22. Qc3 Qc6 23. Qg3 Rd8 24. Nc4 Qd5 25. b3 h5 26. Re5 Qc6 27. Na5
Qd7 28. Re7 Qc8 29. Nxb7 Rd7 30. Rxd7 Qxd7 31. Nxc5 1-0

[Event "Tournoi B"]
[Site "Lannemezan"]
[Date "2023.05.18"]
[Round "3.1"]
[White "Priu, Brice"]
[Black "Nassar, Christophe"]
[Result "0-1"]
[WhiteElo "1395"]
[BlackElo "1658"]
[PlyCount "56"]
[EventDate "2023.??.??"]
[WhiteTeam "Echiquier Henri IV Pau"]
[BlackTeam "Le Fou Blanc de Lannemezan"]

1. e4 c5 2. Nf3 d6 3. d4 cxd4 4. Nxd4 Nf6 5. Nc3 a6 6. f3 e5 7. Nb3 Be7 8. Be3
Be6 9. Qd2 Nbd7 10. g4 Bxg4 11. fxg4 Nxg4 12. Ne2 Bh4+ 13. Ng3 Qf6 14. Bh3 Qf3
15. Qe2 Qxh1+ 16. Kd2 Qxh2 17. Bxg4 Bxg3 18. Rf1 Qxe2+ 19. Kxe2 Nf6 20. Bh3 h5
21. Kf3 h4 22. Rd1 Ke7 23. Bg5 Rh5 24. Bxf6+ gxf6 25. Na5 Rg5 26. Nxb7 Bf4 27.
Bf5 h3 28. Nxd6 h2 0-1

[Event "Tournoi B"]
[Site "Lannemezan"]
[Date "2023.05.18"]
[Round "3.2"]
[White "Bulme, Milan"]
[Black "Bruguier, Florian"]
[Result "0-1"]
[WhiteElo "1368"]
[BlackElo "1519"]
[PlyCount "88"]
[EventDate "2023.??.??"]
[WhiteTeam "Club d'Echecs Pau Berlioz"]
[BlackTeam "Echiquier de Bigorre"]

1. e4 c6 2. d4 d5 3. f3 Qb6 4. Nc3 dxe4 5. fxe4 Nf6 6. e5 Nd5 7. Nxd5 cxd5 8.
c3 Bf5 9. Nf3 e6 10. Bd3 Nc6 11. Bxf5 exf5 12. Qc2 g6 13. Bg5 Bg7 14. O-O O-O
15. Kh1 Rac8 16. Qb3 Qxb3 17. axb3 h6 18. Bf6 Bxf6 19. exf6 Rfe8 20. Rfe1 Re6
21. Rxe6 fxe6 22. Ne5 Nxe5 23. dxe5 a6 24. Kg1 Kf7 25. Kf2 d4 26. Rc1 Rc5 27.
Kf3 Rxe5 28. cxd4 Rb5 29. Rc3 Kxf6 30. h4 a5 31. g3 g5 32. h5 g4+ 33. Kf4 e5+
34. dxe5+ Rxe5 35. Rc4 Rb5 36. Rc8 Rb4+ 37. Ke3 Rxb3+ 38. Kd4 Rxg3 39. Rf8+ Kg5
40. Rf7 Rb3 41. Ke5 Rb5+ 42. Kd4 Rxb2 43. Ke5 Rb5+ 44. Kd4 Kxh5 0-1

[Event "Tournoi B"]
[Site "Lannemezan"]
[Date "2023.05.18"]
[Round "3.3"]
[White "Despaux, Axel"]
[Black "Garcia Del Prado, Bruno"]
[Result "0-1"]
[WhiteElo "1287"]
[BlackElo "1483"]
[PlyCount "132"]
[EventDate "2023.??.??"]
[WhiteTeam "Echiquier de l'Armagnac"]
[BlackTeam "Le Fou Blanc de Lannemezan"]

1. e4 e5 2. Nf3 Nc6 3. Bc4 Nf6 4. Ng5 d5 5. exd5 Na5 6. Bb5+ Bd7 7. Qe2 Be7 8.
Bxd7+ Nxd7 9. Nf3 O-O 10. O-O Re8 11. c4 Bf6 12. Nc3 b6 13. b4 Nb7 14. Ne4 Be7
15. a3 a5 16. b5 f5 17. Nc3 Bf6 18. Qe3 Nbc5 19. Bb2 f4 20. Qe2 e4 21. Ne1 f3
22. gxf3 exf3 23. Qxf3 Ne5 24. Qh3 Nxc4 25. Bc1 Nb3 26. Rb1 Nxc1 27. Rxc1 Nxd2
28. Nd3 Nxf1 29. Kxf1 Bxc3 30. Rxc3 Qxd5 31. Kg1 Qg5+ 32. Kh1 Rad8 33. Qg3 Qxg3
34. hxg3 Rd5 35. Nf4 Rc5 36. Rb3 Re1+ 37. Kg2 Rc4 38. Nd5 Rcc1 39. Rf3 Rc5 40.
Rf5 Rxb5 41. Ne7+ Rxe7 42. Rxb5 Kf7 43. Rd5 Ke6 44. Rd3 c5 45. a4 Rd7 46. Rb3
Rb7 47. Kf3 Kd5 48. Ke3 Re7+ 49. Kd2 Rb7 50. f3 Kc6 51. Kc3 b5 52. axb5+ Rxb5
53. Ra3 Kd5 54. Ra2 c4 55. Rd2+ Kc5 56. Kc2 Rb3 57. Rf2 a4 58. Kc1 a3 59. g4 c3
60. Rc2 Kc4 61. Rh2 h6 62. f4 Rb2 63. Rh5 Rb5 64. Rxb5 Kxb5 65. g5 hxg5 66. Kb1
gxf4 0-1

[Event "Tournoi B"]
[Site "Lannemezan"]
[Date "2023.05.18"]
[Round "3.4"]
[White "Kallenbrunn, Philippe"]
[Black "Alexandre, Jacques Junior"]
[Result "1/2-1/2"]
[WhiteElo "1534"]
[BlackElo "1608"]
[PlyCount "71"]
[EventDate "2023.??.??"]
[WhiteTeam "Le Gambit de Muret"]
[BlackTeam "l'Echiquier Toulousain"]

1. e4 e5 2. Nf3 Nc6 3. d4 exd4 4. Nxd4 Nf6 5. Nxc6 bxc6 6. e5 Qe7 7. Qe2 Nd5 8.
c4 Nb6 9. g3 g6 10. b3 Bg7 11. Bb2 O-O 12. Bg2 Re8 13. f4 Qc5 14. Qf2 Qe7 15.
O-O Bb7 16. Nc3 Rab8 17. Ne4 Red8 18. Rfe1 Kh8 19. Rad1 Qf8 20. Nf6 d5 21. e6
fxe6 22. Rxe6 dxc4 23. Rde1 Nd7 24. Nxd7 Rxd7 25. Bxg7+ Kxg7 26. bxc4 c5 27.
Qb2+ Kg8 28. Bxb7 c6 29. Qe5 Rdxb7 30. Rxc6 Rb1 31. Qe6+ Kh8 32. Rxb1 Rxb1+ 33.
Kg2 Rb8 34. Qe5+ Kg8 35. Qe6+ Kh8 36. Qe5+ 1/2-1/2

[Event "Tournoi B"]
[Site "Lannemezan"]
[Date "2023.05.18"]
[Round "3.5"]
[White "Flourac, Jean-Paul"]
[Black "Ambrosino, Adam"]
[Result "1/2-1/2"]
[WhiteElo "1499"]
[BlackElo "1386"]
[PlyCount "59"]
[EventDate "2023.??.??"]
[WhiteTeam "Le Gambit de Muret"]
[BlackTeam "La Tour de Caylus"]

1. d4 g6 2. Nf3 Bg7 3. e3 Nf6 4. Nbd2 O-O 5. Bd3 d5 6. O-O c6 7. c3 Re8 8. e4
dxe4 9. Nxe4 Nxe4 10. Bxe4 Qb6 11. Ne5 Rd8 12. Qe2 Bxe5 13. dxe5 Be6 14. Be3
Qc7 15. f4 Nd7 16. Rfd1 b5 17. b3 h5 18. h3 Nb6 19. Bxb6 axb6 20. Rxd8+ Rxd8
21. Qc2 Bd5 22. Re1 Bxe4 23. Rxe4 c5 24. a4 Qd7 25. axb5 Qxb5 26. Rc4 Qc6 27.
b4 Qd5 28. Qe2 cxb4 29. cxb4 b5 30. Re4 1/2-1/2